000 00315pab a2200133 454500
008 180718b1989 xxu||||| |||| 00| 0 eng d
245 _aReview of agriculture
260 _c1989
300 _aA46-A92
362 _a24 Jun.
650 _aAgriculture - India
773 _aEconomic and Political Weekly
909 _a3701
999 _c3701
_d3701